000 02117nam a2200301 i 4500
001 991107469515406196
005 20250312125522.0
008 250117s2025 enk b 001 0 eng d
020 _a9780745349435
020 _a0745349439
_qpbk.
024 _a90101122759
035 _a(OCoLC)1484909506
035 _a(OCoLC)on1484909506
040 _aNjBwBT
_beng
_cCDX
_erda
_dCDX
050 1 4 _aHQ18.55
_b.S43 2025
100 _aSears, Alan,
_eauthor.
_924902
245 1 0 _aEros and alienation
_b: capitalism and the making of gendered sexualities
_c/ Alan Sears.
264 1 _aLondon :
_bPluto Press,
_c2025.
300 _a188 pages ;
_c22 cm.
490 1 _aMapping social reproduction theory
504 _aIncludes bibliographical references (pages 156-178) and index.
505 _aEros and Alienation — Alienation and the Making of Sexualities — Sexualities at Work — Market Model Sexualities — The State and Sexual Hegemony — Sexuality and Ecology — Utopia and Sexual Revolutions.
520 _a"Delves into the underexplored relationship between alienated labour and sexuality. Our human drive to shape the world around us and fulfil ourselves through labour is subverted by capitalist alienation, leaving us to find fulfilment elsewhere. As a result, our erotic drives become the central focus for transformation and life-making, but are themselves restricted and fuelled by whatever energy is left after completing the monetised or social reproductive work required to survive. This alienation encounters resistance, as life-making activity can never be fully separated from the person who labours. Alan Sears explores the ways this alienation frames the processes of gender and sexual formation, showing how the organisation of work contributes to the development of a dominant regime of gendered sexualities, defined by a binary gender mapping of desire as heterosexual, homosexual or bisexual"--
_cProvided by publisher.
650 0 _aGender identity
_xEconomic aspects.
650 0 _aCapitalism
_xSocial aspects.
830 0 _aMapping social reproduction theory.
942 _2lcc
999 _c4535
_d4535